[Event "Titled Tuesday intern op 29th Aug Early"]
[Site "Chess.com INT"]
[Date "2023.08.29"]
[Round "9"]
[White "Farmani Anosheh, Armin"]
[Black "Belov, Alexei"]
[Result "0-1"]
[WhiteElo "2284"]
[BlackElo "2421"]
[PlyCount "100"]
[EventDate "2023.08.29"]
[EventType "swiss (blitz)"]
[EventRounds "11"]
[EventCountry "USA"]
[SourceTitle "EXT 2024"]
[Source "ChessBase"]
[SourceDate "2023.10.10"]
[SourceVersion "1"]
[SourceVersionDate "2023.10.10"]
[SourceQuality "1"]

1. e4 e6 2. d4 d5 3. Nc3 Nf6 4. e5 Ne4 5. Nxe4 dxe4 6. Ne2 c5 7. Be3 Nc6 8. dxc5 Qc7 9. c3 Nxe5 10. Ng3 Bxc5 11. Bxc5 Qxc5 12. Nxe4 Qb6 13. Qd6 Qxd6 14. Nxd6+ Ke7 15. Nxc8+ Raxc8 16. 0-0-0 Ng4 17. Bb5 Rhd8 18. Rxd8 Rxd8 19. f3 Ne3 20. g3 a6 21. Be2 g5 22. Re1 Rd6 23. a3 Nf5 24. Kc2 h5 25. Bd3 Kf6 26. Re4 h4 27. g4 Ne7 28. f4 Nd5 29. fxg5+ Kxg5 30. h3 Nf4 31. Re5+ f5 32. Bxf5 Nxh3 33. Bxe6+ Kf4 34. Rf5+ Kg3 35. Bd5 Nf4 36. Bxb7 h3 37. g5 h2 38. Rf8 Rb6 39. Ba8 Rg6 40. Rh8 Rxg5 41. c4 Ng2 42. b4 Ne3+ 43. Kb3 Rg4 44. c5 Nc4 45. Rh7 Ne5 46. a4 Rh4 47. Rg7+ Kf2 48. b5 axb5 49. axb5 Nf3 50. Rf7 Rh3 0-1

[Event "Titled Tuesday intern op 15th Aug Late"]
[Site "Chess.com INT"]
[Date "2023.08.15"]
[Round "5"]
[White "Farmani Anosheh, Armin"]
[Black "Dourerassou, Jonathan"]
[Result "0-1"]
[WhiteElo "2284"]
[BlackElo "2415"]
[PlyCount "128"]
[EventDate "2023.08.15"]
[EventType "swiss (blitz)"]
[EventRounds "11"]
[EventCountry "USA"]
[SourceTitle "EXT 2024"]
[Source "ChessBase"]
[SourceDate "2023.10.10"]
[SourceVersion "1"]
[SourceVersionDate "2023.10.10"]
[SourceQuality "1"]

1. e4 e6 2. d4 b6 3. Nf3 Bb7 4. Bd3 d5 5. e5 c5 6. c3 Nc6 7. 0-0 Nge7 8. Re1 Qd7 9. a3 c4 10. Bc2 0-0-0 11. Nbd2 Nf5 12. b3 Na5 13. bxc4 Nxc4 14. Nxc4 dxc4 15. a4 Be7 16. a5 b5 17. a6 Bd5 18. Ba3 Bxa3 19. Rxa3 Qc6 20. Ra5 Kc7 21. Qb1 Bxf3 22. gxf3 Nh4 23. Be4 Nxf3+ 24. Kh1 Nd2 25. Bxc6 Nxb1 26. Rxb1 Kxc6 27. Raxb5 Rd5 28. Rb7 f6 29. exf6 gxf6 30. Rxa7 Ra5 31. Re7 Kd6 32. Ra7 Ra3 33. f3 Kc6 34. Re7 Kd6 35. Rf7 Rxa6 36. Rxf6 Ke7 37. Rh6 Ra3 38. Re1 Rxc3 39. Rexe6+ Kf7 40. Ra6 Rc1+ 41. Kg2 Rg8+ 42. Kf2 Rc2+ 43. Ke3 Re8+ 44. Kf4 Kg7 45. Rhc6 Rf8+ 46. Kg4 Rg2+ 47. Kh3 Rg6 48. Rxg6+ hxg6 49. Kg4 Rd8 50. Ra7+ Kh6 51. f4 Rxd4 52. Rc7 Re4 53. h4 Rd4 54. Kf3 Rd3+ 55. Ke4 Rc3 56. Kd4 Rf3 57. Ke4 Rc3 58. Rc8 Kg7 59. Kd4 Rf3 60. Ke5 c3 61. Ke4 Rh3 62. Rc6 Kf7 63. Rc5 Kf6 64. Rc6+ Kf7 0-1

[Event "Titled Tuesday intern op 20th Dec Early"]
[Site "Chess.com INT"]
[Date "2022.12.20"]
[Round "10"]
[White "De Souza, Cristiano Gomes"]
[Black "Farmani Anosheh, Armin"]
[Result "0-1"]
[WhiteElo "2018"]
[BlackElo "2297"]
[PlyCount "120"]
[EventDate "2022.12.20"]
[EventType "swiss (blitz)"]
[EventRounds "11"]
[EventCountry "USA"]
[SourceTitle "EXT 2024"]
[Source "ChessBase"]
[SourceDate "2023.10.10"]
[SourceVersion "1"]
[SourceVersionDate "2023.10.10"]
[SourceQuality "1"]

1. d4 Nf6 2. c4 e6 3. Nf3 d5 4. Nc3 c6 5. Bg5 h6 6. Bh4 dxc4 7. e4 g5 8. Bg3 b5 9. Be2 Bb7 10. h4 g4 11. Ne5 c5 12. Nxb5 Qa5+ 13. Nc3 Nxe4 14. 0-0 cxd4 15. Nxe4 Bxe4 16. Qxd4 Qd5 17. Qxc4 Qxc4 18. Bxc4 Bg7 19. Bb5+ Kf8 20. Rac1 Bf6 21. Rc8+ Kg7 22. Rxh8 Kxh8 23. Nxg4 Bxb2 24. Nxh6 Kg7 25. Ng4 Bc6 26. Bc4 Nd7 27. Rb1 Bd4 28. Rd1 Bc5 29. Rxd7 Bxd7 30. Ne5 Be8 31. Bb3 f6 32. Nd3 Ba3 33. Bxe6 Rd8 34. Nf4 Rd1+ 35. Kh2 Bf7 36. Bb3 Rd2 37. Ne6+ Kg8 38. Bf4 Bd6 39. Bxd6 Rxd6 40. Nc5 Bxb3 41. axb3 Rc6 42. Ne4 Rb6 43. b4 Kg7 44. b5 Rxb5 45. g4 Rb4 46. f3 a5 47. Kg3 a4 48. Nd6 a3 49. Nf5+ Kf8 50. h5 a2 51. h6 a1Q 52. h7 Qg1+ 53. Kh4 Qh1+ 54. Kg3 Qxh7 55. Nd6 Qc7 56. Kh4 Qxd6 57. f4 Rb2 58. Kh5 Qxf4 59. Kg6 Qg5+ 60. Kh7 Qg7# 0-1

[Event "Titled Tuesday intern op 20th Dec Early"]
[Site "Chess.com INT"]
[Date "2022.12.20"]
[Round "9"]
[White "Farmani Anosheh, Armin"]
[Black "Kodinets, Konstantin L"]
[Result "0-1"]
[WhiteElo "2297"]
[BlackElo "2409"]
[PlyCount "92"]
[EventDate "2022.12.20"]
[EventType "swiss (blitz)"]
[EventRounds "11"]
[EventCountry "USA"]
[SourceTitle "EXT 2024"]
[Source "ChessBase"]
[SourceDate "2023.10.10"]
[SourceVersion "1"]
[SourceVersionDate "2023.10.10"]
[SourceQuality "1"]

1. d4 d6 2. e4 Nf6 3. Nc3 e5 4. Nf3 exd4 5. Nxd4 Be7 6. g3 0-0 7. Bg2 Re8 8. 0-0 Nbd7 9. Re1 Ne5 10. h3 c6 11. f4 Ng6 12. Be3 Bf8 13. Qd2 Qc7 14. Rad1 Bd7 15. a4 Rad8 16. Qf2 h5 17. Nb3 b6 18. a5 c5 19. axb6 axb6 20. Nd2 Bc6 21. Nd5 Bxd5 22. exd5 b5 23. c4 bxc4 24. Nxc4 Ne4 25. Qf3 h4 26. g4 Ng3 27. Bf2 Rxe1+ 28. Rxe1 Rb8 29. Bxg3 hxg3 30. Qxg3 Rb4 31. Bf1 Qb8 32. h4 Rb3 33. Qf2 Qb4 34. h5 Nxf4 35. Re4 Nxd5 36. Nxd6 Bxd6 37. Rxb4 Rxb4 38. Qf3 Nf6 39. Bh3 Bf4 40. b3 Rd4 41. Kh1 Kh7 42. Bf1 Kh6 43. Bd3 Kg5 44. Kg2 Nxg4 45. Bc4 Rd2+ 46. Kh3 Rh2# 0-1

[Event "Titled Tuesday intern op 13th Dec Early"]
[Site "Chess.com INT"]
[Date "2022.12.13"]
[Round "8"]
[White "Farmani Anosheh, Armin"]
[Black "Levine, David M"]
[Result "1-0"]
[WhiteElo "2297"]
[BlackElo "2068"]
[PlyCount "83"]
[EventDate "2022.12.13"]
[EventType "swiss (blitz)"]
[EventRounds "11"]
[EventCountry "USA"]
[SourceTitle "EXT 2024"]
[Source "ChessBase"]
[SourceDate "2023.10.10"]
[SourceVersion "1"]
[SourceVersionDate "2023.10.10"]
[SourceQuality "1"]

1. d4 d5 2. c4 dxc4 3. e4 Nf6 4. e5 Nd5 5. Bxc4 e6 6. Nf3 Be7 7. 0-0 0-0 8. Nc3 b6 9. Nxd5 exd5 10. Bd3 c5 11. Re1 Nc6 12. Be3 Bg4 13. h3 Bh5 14. Be2 c4 15. Rf1 b5 16. Ne1 Bxe2 17. Qxe2 f6 18. f4 f5 19. g4 Qd7 20. Qg2 Nd8 21. Nf3 Ne6 22. Kh1 Kh8 23. Rg1 fxg4 24. Qxg4 g6 25. h4 Rf5 26. Rg2 Raf8 27. Rh2 Ng7 28. Ng1 Nh5 29. Ne2 Qe6 30. Rg1 Qf7 31. a3 a5 32. Ng3 Nxg3+ 33. Rxg3 b4 34. axb4 axb4 35. Qf3 Qe6 36. h5 Rxh5 37. Rxh5 gxh5 38. Qxh5 c3 39. bxc3 bxc3 40. Rg2 Qf5 41. Qh6 Qe4 42. Qg7# 1-0

[Event "Titled Tuesday intern op 06th Dec Early"]
[Site "Chess.com INT"]
[Date "2022.12.06"]
[Round "9"]
[White "Farmani Anosheh, Armin"]
[Black "Averjanov, Alexey"]
[Result "1-0"]
[WhiteElo "2297"]
[BlackElo "2399"]
[PlyCount "175"]
[EventDate "2022.12.06"]
[EventType "swiss (blitz)"]
[EventRounds "11"]
[EventCountry "USA"]
[SourceTitle "CBM 211 Extra"]
[Source "ChessBase"]
[SourceDate "2023.01.31"]
[SourceVersion "1"]
[SourceVersionDate "2023.01.31"]
[SourceQuality "1"]

1. d4 d5 2. c4 dxc4 3. e4 Nf6 4. e5 Nd5 5. Bxc4 Nb6 6. Bd3 Nc6 7. Ne2 Nb4 8. Be4 N4d5 9. Nbc3 Be6 10. 0-0 Qd7 11. a4 a5 12. Nf4 Nxf4 13. Bxf4 Nd5 14. Bd2 c6 15. Re1 g6 16. Qc1 Bg7 17. Bh6 0-0 18. h4 Rfd8 19. Bxg7 Kxg7 20. h5 Rac8 21. Qg5 h6 22. Qg3 g5 23. Bxd5 Bxd5 24. f4 f6 25. Kh2 Rf8 26. Re3 Rce8 27. Rae1 Kh8 28. Nxd5 cxd5 29. fxg5 fxg5 30. e6 Qxa4 31. Qe5+ Kg8 32. Qxd5 Qc2 33. R1e2 Qf5 34. Qxf5 Rxf5 35. Re5 Rxe5 36. Rxe5 Rd8 37. Rxa5 Rxd4 38. Rb5 Rd6 39. Rxb7 Rxe6 40. Kg3 Kf7 41. Kf3 Kf6 42. g4 Rc6 43. Rb5 Rc4 44. Kg3 e6 45. Rb8 Ke5 46. Rh8 Rb4 47. Rxh6 Rb3+ 48. Kf2 Rxb2+ 49. Kf3 Rb3+ 50. Kf2 Rh3 51. Rg6 Kf4 52. Rxe6 Kxg4 53. h6 Rh2+ 54. Kg1 Rh4 55. Ra6 Kf5 56. Kg2 g4 57. Kg3 Rh3+ 58. Kg2 Kg5 59. Rb6 Ra3 60. Rc6 Ra2+ 61. Kg3 Ra3+ 62. Kg2 Ra7 63. Rb6 Re7 64. Ra6 Kh4 65. Rg6 Re2+ 66. Kf1 Re7 67. Rg7 Re8 68. h7 Rh8 69. Kg2 Kh5 70. Ra7 Kh4 71. Rb7 Rd8 72. Rd7 Rh8 73. Rg7 Rd8 74. Rg8 Rd2+ 75. Kf1 Rd1+ 76. Ke2 Rd5 77. h8Q+ Kg3 78. Qc3+ Kg2 79. Re8 Rf5 80. Re3 Kh2 81. Rg3 Re5+ 82. Kd2 Kh1 83. Re3 Rf5 84. Kc2 Rf2+ 85. Kb3 Rg2 86. Qe1+ Kh2 87. Qh4+ Kg1 88. Re1# 1-0

[Event "Titled Tuesday intern op 06th Dec Early"]
[Site "Chess.com INT"]
[Date "2022.12.06"]
[Round "2"]
[White "Farmani Anosheh, Armin"]
[Black "Boyer, Mahel"]
[Result "0-1"]
[WhiteElo "2297"]
[BlackElo "2434"]
[PlyCount "76"]
[EventDate "2022.12.06"]
[EventType "swiss (blitz)"]
[EventRounds "11"]
[EventCountry "USA"]
[SourceTitle "CBM 211 Extra"]
[Source "ChessBase"]
[SourceDate "2023.01.31"]
[SourceVersion "1"]
[SourceVersionDate "2023.01.31"]
[SourceQuality "1"]

1. e4 Nc6 2. Nf3 d5 3. exd5 Qxd5 4. Nc3 Qh5 5. Be2 Bg4 6. h3 0-0-0 7. 0-0 Bxh3 8. gxh3 Qxh3 9. Ng5 Qh4 10. Nxf7 Nh6 11. Nxd8 e6 12. d3 Bd6 13. f4 Qg3+ 14. Kh1 Qh3+ 15. Kg1 Qg3+ 16. Kh1 Qh3+ 17. Kg1 Bc5+ 18. d4 Bxd4+ 19. Rf2 Qg3+ 20. Kh1 Bxf2 21. Qf1 Qh4+ 22. Kg2 Qg3+ 23. Kh1 Rxd8 24. Ne4 Qh4+ 25. Kg2 Bb6 26. c3 Nf5 27. Qf3 g5 28. Nxg5 h6 29. Bc4 hxg5 30. Bxe6+ Kb8 31. Bxf5 g4 32. Qg3 Qe7 33. Bxg4 Rg8 34. Bd2 Qe4+ 35. Kh2 Bf2 36. Qxf2 Rxg4 37. f5 Ne5 38. Qe3 Qg2# 0-1

[Event "Titled Tuesday intern op 06th Dec Early"]
[Site "Chess.com INT"]
[Date "2022.12.06"]
[Round "1"]
[White "Farmani Anosheh, Armin"]
[Black "Maksimovic, Bojan"]
[Result "0-1"]
[WhiteElo "2297"]
[BlackElo "2486"]
[PlyCount "90"]
[EventDate "2022.12.06"]
[EventType "swiss (blitz)"]
[EventRounds "11"]
[EventCountry "USA"]
[SourceTitle "CBM 211 Extra"]
[Source "ChessBase"]
[SourceDate "2023.01.31"]
[SourceVersion "1"]
[SourceVersionDate "2023.01.31"]
[SourceQuality "1"]

1. e4 g6 2. d4 Bg7 3. c4 d6 4. Nc3 Nf6 5. f3 0-0 6. Nge2 Nbd7 7. Be3 e5 8. Qd2 c6 9. d5 cxd5 10. cxd5 a6 11. Nc1 b5 12. b4 Nb6 13. Nb3 Bd7 14. Na5 Rc8 15. Rc1 Nh5 16. Qf2 Nc4 17. Bxc4 bxc4 18. 0-0 Nf4 19. Qd2 Nd3 20. Rb1 Qc7 21. Rfd1 f5 22. Bg5 Nxb4 23. Rxb4 Qc5+ 24. Kh1 Qxb4 25. Nc6 Qa3 26. Ne7+ Kh8 27. Nxc8 Rxc8 28. Be7 Re8 29. Bh4 Rb8 30. h3 Rb2 31. Qc1 Qb4 32. Be1 Qb6 33. Rd2 Rxd2 34. Bxd2 h5 35. Kh2 Kh7 36. Bg5 Qd4 37. Be7 Bh6 38. Qc2 Bf4+ 39. g3 Bd2 40. Nd1 c3 41. Bxd6 Ba4 42. Bxe5 Bxc2 43. Bxd4 Bxd1 44. d6 Ba4 45. exf5 c2 0-1

[Event "Titled Tuesday intern op 06th Dec Early"]
[Site "Chess.com INT"]
[Date "2022.12.06"]
[Round "3"]
[White "Larina, Marija"]
[Black "Farmani Anosheh, Armin"]
[Result "1-0"]
[WhiteElo "1948"]
[BlackElo "2297"]
[PlyCount "87"]
[EventDate "2022.12.06"]
[EventType "swiss (blitz)"]
[EventRounds "11"]
[EventCountry "USA"]
[SourceTitle "CBM 211 Extra"]
[Source "ChessBase"]
[SourceDate "2023.01.31"]
[SourceVersion "1"]
[SourceVersionDate "2023.01.31"]
[SourceQuality "1"]

1. e4 c5 2. Nc3 Nc6 3. g3 g6 4. Bg2 Bg7 5. Nge2 d6 6. d3 e5 7. 0-0 Nge7 8. Be3 Be6 9. Qd2 Nd4 10. Nd1 0-0 11. c3 Nxe2+ 12. Qxe2 Qc7 13. Qd2 d5 14. Bh6 Rad8 15. Bxg7 Kxg7 16. Qe2 c4 17. dxc4 dxe4 18. Qxe4 Bxc4 19. Re1 f6 20. f4 Bd5 21. Qe2 Bxg2 22. Kxg2 Nc6 23. f5 Ne7 24. fxg6 hxg6 25. Ne3 Qc6+ 26. Kg1 Rd7 27. Rad1 Rfd8 28. Rxd7 Rxd7 29. Rd1 Rxd1+ 30. Qxd1 Qc5 31. Qe2 Nf5 32. Kf2 Qb6 33. b3 Qc5 34. Qd2 Kh7 35. Qd7+ Kh6 36. Qd2 g5 37. Ke2 Nd6 38. Ng4+ Kg7 39. Ne3 Qc6 40. Qxd6 Qxc3 41. Qd7+ Kg6 42. Qf5+ Kg7 43. Qd7+ Kg6 44. Qd3+ 1-0

[Event "Titled Tuesday intern op 22nd Nov Early"]
[Site "Chess.com INT"]
[Date "2022.11.22"]
[Round "3"]
[White "Farmani Anosheh, Armin"]
[Black "Winkels, Marcel"]
[Result "1/2-1/2"]
[WhiteElo "2330"]
[BlackElo "1965"]
[PlyCount "58"]
[EventDate "2022.11.22"]
[EventType "swiss (blitz)"]
[EventRounds "11"]
[EventCountry "USA"]
[SourceTitle "CBM 211 Extra"]
[Source "ChessBase"]
[SourceDate "2023.01.31"]
[SourceVersion "1"]
[SourceVersionDate "2023.01.31"]
[SourceQuality "1"]

1. d4 Nf6 2. c4 g6 3. Nf3 Bg7 4. g3 c6 5. Bg2 d5 6. cxd5 cxd5 7. Ne5 0-0 8. Nc3 Bf5 9. Qb3 Nc6 10. Nxc6 bxc6 11. 0-0 Rb8 12. Qa4 Ne4 13. e3 Qd6 14. Qxa7 Ra8 15. Nxe4 Bxe4 16. Qc5 Qxc5 17. dxc5 Bc2 18. f4 Rfb8 19. Rf2 Bxb2 20. Bxb2 Rxb2 21. a4 Rb1+ 22. Rxb1 Bxb1 23. Rb2 Bd3 24. Rb6 Rxa4 25. Rxc6 Ra1+ 26. Kf2 Ra2+ 27. Kg1 Ra1+ 28. Kf2 Ra2+ 29. Kg1 Ra1+ 1/2-1/2

[Event "Titled Tuesday intern op 22nd Nov Early"]
[Site "Chess.com INT"]
[Date "2022.11.22"]
[Round "4"]
[White "Rosh, Jain"]
[Black "Farmani Anosheh, Armin"]
[Result "0-1"]
[WhiteElo "2333"]
[BlackElo "2330"]
[PlyCount "60"]
[EventDate "2022.11.22"]
[EventType "swiss (blitz)"]
[EventRounds "11"]
[EventCountry "USA"]
[SourceTitle "CBM 211 Extra"]
[Source "ChessBase"]
[SourceDate "2023.01.31"]
[SourceVersion "1"]
[SourceVersionDate "2023.01.31"]
[SourceQuality "1"]

1. e4 e5 2. Nf3 Nc6 3. Bb5 a6 4. Ba4 Nf6 5. 0-0 Be7 6. Re1 b5 7. Bb3 0-0 8. c3 d5 9. exd5 Nxd5 10. Nxe5 Nxe5 11. Rxe5 c6 12. Bxd5 cxd5 13. d4 Bd6 14. Re1 Qh4 15. g3 Qh3 16. Qd3 Bf5 17. Qf1 Qh5 18. Be3 Bh3 19. Qe2 Bg4 20. Qf1 f5 21. f4 Rfe8 22. Nd2 Re7 23. Bf2 Rae8 24. Rxe7 Rxe7 25. Re1 Re4 26. Nxe4 fxe4 27. Be3 Bf3 28. a4 g5 29. fxg5 Bxg3 30. h3 Bxe1 0-1

[Event "Titled Tuesday intern op 08th Nov Early"]
[Site "Chess.com INT"]
[Date "2022.11.08"]
[Round "8"]
[White "Turzo, Attila"]
[Black "Farmani Anosheh, Armin"]
[Result "1-0"]
[WhiteElo "2298"]
[BlackElo "2330"]
[PlyCount "35"]
[EventDate "2022.11.08"]
[EventType "swiss (blitz)"]
[EventRounds "11"]
[EventCountry "USA"]
[SourceTitle "EXT 2024"]
[Source "ChessBase"]
[SourceDate "2023.10.10"]
[SourceVersion "1"]
[SourceVersionDate "2023.10.10"]
[SourceQuality "1"]

1. d4 Nf6 2. c4 e6 3. Nf3 d5 4. Nc3 Bb4 5. cxd5 exd5 6. Bg5 h6 7. Bxf6 Qxf6 8. Qa4+ Nc6 9. e3 0-0 10. Bb5 a5 11. a3 Bxc3+ 12. bxc3 Ne7 13. 0-0 c6 14. Be2 b5 15. Qd1 Bg4 16. Ne5 Bxe2 17. Qxe2 Rfb8 18. Nd7 1-0